Estudio sobre la integración de los niños procedentes de la migración escolarizados en Madrid capital /

Bibliographic Details
Main Author: Cabala Lasteros, Sileny
Format: Libro
Language:English

MARC

LEADER 00000cam a2200000 a 4500
001 040061
003 UAHC_CL
005 20170803124422.0
008 060714b xx j 000 1 eng
040 |a UAHC_CL  |c UAHC_CL  |d UAHC_CL 
100 1 |a Cabala Lasteros, Sileny 
245 1 0 |a Estudio sobre la integración de los niños procedentes de la migración escolarizados en Madrid capital /  |c Sileny Cabala. 
500 |a Revista Complutense de Educación. --Vol. 11, Nº2 (2000) pp. 107-147. 
900 |a REV. COMPLUT. EDUC.-02/00 
942 |c BK 
999 |c 40061  |d 40061